| 000 | 01516nam a22003137a 4500 | ||
|---|---|---|---|
| 005 | 20170124103036.0 | ||
| 010 | _aB-073896 | ||
| 020 | _c125.00 | ||
| 035 | _aB-073896 | ||
| 037 | _bCen Lib/Ret | ||
| 040 |
_aDPL _bHN |
||
| 082 |
_aक _bजोनाथ |
||
| 100 |
_aजोनाथन स्विफ्ट _965514 |
||
| 245 |
_aगुलवीर की यात्रायें / _cजोनाथन स्विफ्ट ;रीमा पराशर [एवं] वेदप्रकाश चित्रांकन शंकर नायक |
||
| 246 |
_aGulveer ki yatrayen _bby Jonathan Swift ;Rima Parashar [evam] vaid Prakash Chitrankan Shankar Nayak |
||
| 260 |
_a दिल्ली _bईशान पब्लिकेशन _c2002 |
||
| 270 |
_a30/22ए -प्रथम तल गली न. 9, विश्वास नगर _b दिल्ली _e110032 |
||
| 300 |
_a166पृष्ठ. : _c201मी(सजिल्द) _bचित्र. |
||
| 650 |
_aहिंदी साहित्य _965515 |
||
| 650 |
_aहिंदी कहानी - गुलवीर _965516 |
||
| 650 |
_aHindi literature _965517 |
||
| 650 |
_aHindi story - Gulveer _965518 |
||
| 700 |
_aपराशर, रीमा _965519 |
||
| 700 |
_aवाई प्रकाश _965520 |
||
| 700 |
_aनायक,शंकर _965521 |
||
| 700 |
_aवैद प्रकाश _965522 |
||
| 700 |
_aवैद प्रकाश _965523 |
||
| 942 |
_2ddc _cHN _hक _mजोनाथ |
||
| 999 |
_c116242 _d116242 |
||